Robert E. Howard's Myth maker.

Bibliographic Details
Main Author: Howard, Robert E. (Robert Ervin), 1906-1936
Format: Book
Language:English
Published: New York, NY : Cross Plains Comics, [1999]
Subjects:

MARC

Tag First Indicator Second Indicator Subfields
LEADER 00000cam a2200000Ia 4500
001 in00002417021
005 20151109121414.0
008 010621s1999 nyua 000 1 eng d
035 |a (OCoLC)ocm47172863 
035 |a (OCoLC)47172863 
040 |a BGU  |c BGU  |d OCLCQ  |d OCLCG  |d TXA  |d UtOrBLW 
049 |a TXAM 
090 |a PN6720.2.C768  |b R625 1999 
100 1 |a Howard, Robert E.  |q (Robert Ervin),  |d 1906-1936. 
245 1 0 |a Robert E. Howard's Myth maker. 
246 3 |a Myth maker 
264 1 |a New York, NY :  |b Cross Plains Comics,  |c [1999] 
264 4 |c ©1999 
300 |a 1 volume (unpaged) :  |b color illustrations ;  |c 26 cm. 
336 |a text  |b txt  |2 rdacontent 
337 |a unmediated  |b n  |2 rdamedia 
338 |a volume  |b nc  |2 rdacarrier 
500 |a Title from indicia. 
500 |a Complete in 1 issue. 
500 |a The Cushing Library/Science Fiction copy was received as a part of the MacDonnell Robert E. Howard Collection. 
650 0 |a Horror comic books, strips, etc. 
650 0 |a Comic books, strips, etc. 
994 |a C0  |b TXA 
948 |a cataloged  |b h  |c 2008/9/23  |d c  |e blrosas  |f 2:26:07 pm 
999 |a MARS 
999 f f |s 91cb1e6d-d397-395e-82b5-0d0cc01d3ce8  |i 3a702b73-9a7c-3190-8c54-c490d258bc64  |t 0 
952 f f |p noncirc  |a Texas A&M University  |b College Station  |c Cushing Memorial Library & Archives  |d Cushing: Science Fiction (Does not check out)  |t 0  |e PN6720.2.C768 R625 1999  |h Library of Congress classification  |i unmediated -- volume 
998 f f |a PN6720.2.C768 R625 1999  |t 0  |l Cushing: Science Fiction (Does not check out)